[Event "Turnier 40 / 120"]
[Site "Wien"]
[Date "2023.02.17"]
[Round "39"]
[White "Pewatronic Masterchess SH7034 - 24 MHZ"]
[Black "Novag Star Diamond H8 - 25 MHZ"]
[Result "1-0"]
[BlackElo "2160"]
[WhiteElo "2150"]

{Analyse ----> Komodo 13.02.} 1. c4 c6 2. d4 d5 3. Nc3 Nf6 4. Bg5 dxc4 5.
a4 h6 {Buchende} 6. Bh4 {Buchende} Qa5 {Buchbewertung Novag Star Diamond
überaus optimistisch: +1,07 !!} 7. Qd2 {Buchbewertung Pewatronic
Masterchess: -1,00 / deutlich besser ist Sf3 mit Ausgleich lt. Komodo, nach
dem Textzug steht Schwarz etwas besser mit ca. +0,70} g5 8. Bg3 Nh5 {nicht
ideal, besser ist entweder Lg7 oder Le6 nach dem Textzug ist die Stellung
wieder im Lot} 9. Be5 f6 10. Bxb8 Rxb8 11. e3 Be6 12. Ne4 Qc7 13. Qc2 Qa5+
14. Qd2 Qd5 15. Nc3 Qd7 16. Be2 Ng7 17. Nf3 Nf5 18. Ne4 g4 19. Nc5 Qd6 20.
Ng1 h5 21. Rd1? {ein grottenschlechter Zug, danach ist Schwarz bereits klar
im Vorteil, nötig war Dc2 mit Ausgleich, Komodo -1,50} b6? {ebenfalls ganz
schwach, verspielt einen Grossteil des Vorteiles, Komodo +0,50, nötig war
Ld5} 22. Nxe6 Qxe6 23. Qc2 b5 {etwas besser ist Sd6, nach dem Textzug ist
die Stellung im Lot, Komodo 0,00 mit der Fortsetzung axb5} 24. h3?? {ein
schlechter Zug, danach steht Schwarz wieder klar besser, Komodo -1,10} g3!
{na klar, was sonst könnte man fragen, Pewatronic rechnete mit Sh4 ?} 25.
e4 gxf2+ 26. Kxf2 Nd6 27. Bf3 Bg7? {ein schlechter Zug, der nahezu den
gesamten Vorteil verspiel, nötig war Lh6, Komodo +0,30} 28. Qe2??? {ein
Verlustzug !!, danach ist die Partie schlicht und ergreifend verloren,
Komodo -3,80 !!, , nötig war natürlich Se2 !! (falsche Figur !!!)} h4??
{ein grottenschlechter Zug, der nahezu den gesamten Vorteil verschenkt,
Komodo nur noch +0,70, nötig war 0-0 und Schwarz gewinnt} 29. e5 Nf5 30.
Bh5+ Kd7? {ganz falsch, der König gehört nach f8, nach dem Textzug ist
jeglicher Vorteil dahin, die Stellung ist im Lot} 31. Bg4 fxe5 32. dxe5+
Kc7 33. Nf3 Qg6?? {Und jetzt der Verlustzug von Novag Star Diamond, danach
ist die Partie verloren, Komodo -3,50 mit der Fortsetzung De4} 34. Qd2?
{aber auch Pewatronic Masterchess verpasst den sofortigen Gewinn, der
Textzug ist ganz schwach, danach ist Weiss nur noch mit ca. +0,70 im
Vorteil} Kb6 35. axb5 {leichten Vorteil versprach noch Lxf5, nach dem
Textzug ist die Stellung im Lot} cxb5? {die Geräte sind hoffnungslos
überfordert, wieder ein Verlustzug, Komodo -3,00 mit der Fortsetzung Ta1}
36. Ra1! a6 37. Qd7? {weit schwächer als Lxf5, halbiert den Vorteil von
Weiss, Komodo +1,50} Rb7! {noch die beste Verteidigung} 38. Qxf5 Qxf5 39.
Bxf5 Bxe5? {ein schlechter Zug, danach ist die Partie wieder klar verloren,
Komodo -2,20, deutlich besser ist Tf8 mit ca. -1,40} 40. Nxe5 Rf8 41. Rhd1
Rxf5+ 42. Nf3 a5 43. Ke3 Rf6 44. Nxh4 Re6+ 45. Kf2 Rf6+ 46. Nf3 e5 47. Ke3
Re7 48. Rd5 Rf8 49. Rd6+ Kc5 50. Rad1 Kb4 51. R1d5 Ka4 52. Rc6 Rg8 53. Rcc5
Rb7 54. g4 Rh7 55. Rxb5 Rxh3 56. Rxa5+ Kb3 57. Kd2 Rb8 58. Nxe5 {Rest
geschenkt} 1-0
[/pgn]
[pgn]

[Event "Turnier 40 / 120"]
[Site "Wien"]
[Date "2023.02.18"]
[Round "40"]
[White "Novag Star Diamond H8 - 25 MHZ"]
[Black "Pewatronic Masterchess SH7034 - 20 MHZ"]
[Result "1-0"]
[BlackElo "2150"]
[WhiteElo "2160"]

{Analyse ---> Komodo 13.02.} 1. e4 e5 2. Nf3 Nc6 3. Bb5 a6 4. Ba4 d6 5. c3
Bd7 6. d4 g6 7. O-O Bg7 {Buchende} 8. d5 Nce7 {Buchbewertung Pewatronic
Masterchess: -0,3} 9. Bxd7+ Qxd7 10. c4 {Buchende} Nf6 11. Nc3
{Buchbewertung Novag Star Diamond: +0,73 / lt. Komodo steht Weiss etwas
besser mit ca. +0,50} O-O 12. Bg5 h6 13. Be3 b5 14. Qd3 Ng4? {völlig
unverständlich stellt einfach einen Bauern ein, b5 ist 3x angegriffen,
Komodo -1,00, warum nicht bxc4 ?} 15. cxb5 {na klar nimmt einfach das
Geschenk an} Nxe3 16. fxe3 a5??? {ein Verlustzug, einfach indiskutabel
schlecht, danach ist die Partie bereits klar verloren, na klar was soll
Schwarz jetzt noch anfangen mit dem kümmerlichen Punkt c7 ??, strategisch
einfach grottenschlecht, Komodo -2,00, nötig ist natürlich axb5, mit ca.
-1,00} 17. Rac1 Rfb8 18. Qc2 Ra7 19. Qf2 Rab7 20. Nd2 f6 21. Nc4 Ra7 22.
Qh4 Kh7 23. Rxf6? {ein ganz schlechter Zug, verschenkt die Qualität für
einen Bauern, was soll das ?, Komodo +1,00} Bxf6 {ebenfalls schwach, Komodo
-1,70, deutlich besser ist g5} 24. Qxf6 Nc8 25. Qf8? {ein schwacher Zug,
hier sind sich die Geräte völlig uneinig, Star Diamond sieht sich mit +2,00
!! im Vorteil, Pewatronic sieht sich hingegen nur knapp mit -0,2 im
Nachteil, die Wahrheit liegt in der Mitte, lt. Komodo ist Weiss mit ca.
+1,20 im Vorteil} Qg7 26. Rf1 Qxf8 27. Rxf8 Kg7? {ein schlechter Zug danach
ist die Partie praktisch verloren, deutlich besser ist Tba8, Komodo -1,90}
28. Rd8 Rba8 29. Rd7+ Kf6 30. Kf2 Rb8? {ein Verlustzug, danach ist die
Partie klar verloren, Komodo -3,50 mit der Fortsetzung a4, deutlich mehr
Widerstand leistet a4 mit ca. -1,50} 31. Rh7?? {ein ganz schlechter Zug,
der 2,5 Bauerneinheiten !! einbüsst ein ganze Bauerneinheit einbüsst und
Schwarz wieder Chancen gibt, Komodo +1,00} h5? {so aber nicht, verliert
wieder klar, Komodo -2,50, nötig war T8b7} 32. Ke2? {die beiden Geräte
verstehen einfach die Stellung nicht, hier beende ich vorläufig die weitere
Kommentierung, der Textzug verspielt wieder einen Grossteil des Vorteiles,
Komodo +1,00, wieder wird das nötige a4 ignoriert.} Rbb7 33. Kd3 Nb6 34. b3
Kg5 35. Rf7 Nc8 36. Nd2 Kh6 37. h4 Nb6 38. Nc4 Nc8 39. Rf8 Nb6 40. Nxb6
Rxb6 {Weiss steht klar auf Gewinn, Komodo +4,00} 41. Rf7 Rbb7 42. Ke2
{verschenkt nahezu alles, Komodo +0,70, nötig war Tf8 und Weiss gewinnt}
Rb8 43. a3 Rab7 44. Kf3 Rh8 45. g3 Re8 {ganz schlecht, danach steht Weiss
wieder klar auf Gewinn, Komodo +2,00 mit der Fortsetzung a4, nötig war g5
mit Ausgleich} 46. g4 {verschenkt gleich wieder alles, Komodo 0,00} hxg4+
47. Kxg4 Rh8 48. a4 Rhb8??? {ein Verlustzug, danach ist die Partie klar
verloren, Komodo -3,50 mit der Fortsetzung Sb1, nötig war T7b8 mit nur sehr
geringem Vorteil für Weiss} 49. Nb1 Rg8 50. Nd2 Rg7 51. Rf6 Rb8 52. Nc4 Rd8
53. Nxa5 Rh7 54. h5 Rg7 55. Nc6 Rdd7 56. a5 Rdf7 57. Rxg6+ Rxg6+ 58. hxg6
Kxg6 59. a6 Rf1 60. a7 Rg1+ 61. Kf3 Ra1 62. b4 {Rest geschenkt} 1-0
[/pgn]
[pgn]

[Event "Turnier 40 / 120"]
[Site "Wien"]
[Date "2021.05.20"]
[Round "41"]
[White "Pewatronic Masterchess 24 MHZ"]
[Black "Novag Star Diamond "]
[Result "1/2-1/2"]
[BlackElo "2160"]
[WhiteElo "2150"]

{Analyse ----> Komodo 13.02.} 1. e4 e5 2. Nf3 Nc6 3. Bb5 a6 4. Bxc6 dxc6 5.
d4 exd4 6. Qxd4 Qxd4 7. Nxd4 Bd7 8. Nc3 O-O-O 9. Be3 {Buchende} Re8
{Buchende / diese Eröffnung gab es auch im Match gegen Novag Diamond II und
endete mit Remis} 10. f3 {Buchbewertung Pewatronic: +0,1} Bb4
{Buchbewertung Novag Star Diamond: +0,15 / lt. Komodo steht Schwarz knapp
besser mit ca. +0,40} 11. Ne2 f5 12. Bd4 Nf6 13. O-O-O {ein schlechter Zug,
weit besser ist exf5 oder auch Lxf6, Komodo -1,30} fxe4 14. fxe4 Bxc3? {ein
schwacher Zug, Komodo +0,40, deutlich besser ist Sxe4 oder Le7} 15. Nxc3
Nxe4 16. Nxe4 Rxe4 17. Rd2? {ein schlechter Zug, deutlich besser ist The1,
Komodo -0,80} Rg8 18. a3 Be6 19. h3 g6 20. Rhd1 Rd8 21. b3 h5 22. Kb2 Bf5
23. c4 Re6 24. Kc3 Rde8 25. Bf2 Re2 26. b4 b5 27. c5? {ein schlechter Zug,
danach steht Weiss bereits auf verlorenem Posten, Komodo -1,50, deutlich
besser ist Txe2 mit ca. -0,90} R8e4? {ein schwacher Zug, der den Vorteil
von Schwarz halbiert, Komodo +0,80, deutlich besser ist T2e5} 28. Kb3??
{ein Verlustzug, danach ist die Partie bereits verloren, Komodo -2,00 mit
der Fortsetzung Kb7, nötig war Txe2} Kb7! 29. Kb2 g5 30. Bg1 g4 {erst hier
weicht die Partie ab von jener gegen Novag Diamond II der zog damals 30.
Txd2 / klar schwächer als h4, Komodo +1,30} 31. hxg4 Bxg4 32. g3 a5 33.
bxa5 Ka6 34. Kc3 Rxd2? {klar schwächer als Tc4+, Komodo +0,90} 35. Rxd2 Ra4
36. Kb2 Rxa5?? {ein ganz schlechter Zug, der jeglichen Vorteil verspielt,
danach ist die Stellung bereits im Lot, nötig war eine Fehlerkorrektur
mittels Te4, aber das war natürlich für Star Diamond nicht spielbar, da
Stellungswiederholung, zuvor war nicht Ta4 anzuraten, sondern gleich Kxa5}
37. Rd8 Kb7 38. Bd4? {ein schlechter Zug, der Schwarz wieder in Vorteil
bringt, deutlich besser ist Le3, Komodo -1,00} Ra4 39. Be5 Rc4 40. Bd4 Be6
41. Bf2 Bd5 42. Rh8? {ein schlechter Zug, danach ist Schwarz bereits klar
im Vorteil, Komodo -1,30, deutlich besser ist Te8 mit ca. -0,90} Re4! 43.
Kc3?? {ein Verlustzug, wenn Weiss noch etwas Widerstand leisten will so war
Kc1 nötig, nach dem Textzug ist die Partie bereits klar verloren, Komodo
-2,00} Ra4 44. Rxh5 Rxa3+ 45. Kd4 b4 46. Rh4 b3 47. Ke5 Ra2 48. Rb4+
{Komodo -3,20, da ist nichts mehr zu retten für Weiss} Kc8? {deutlich
schwächer als Ka6, büsst eine ganze Bauerneinheit ein, Komodo +2,20} 49.
Be3 Rg2 50. Kf4 Rc2 {besser ist Te2, Komodo +1,40} 51. Bd4 Rc4??? {also das
ist leider indiskutabel schlecht und erübrigt jeden Kommentar, das
verschenkt einfach den Sieg, nötig war entweder Kd7 oder Te2 beides mit
klarem Vorteil für Schwarz, nach dem Textzug ist die Partie Remis} 52. Rxc4
Bxc4 53. g4 Kd7 {Star Diamond sieht sich zu Unrecht noch klar im Vorteil:
+1,46 ?} 54. g5 {Pewatronic Masterchess: -0,4 / Komodo 0,00} Bd3 55. Ke3
Bc2 56. Kd2 Ke6 {Star Diamond: +1,34 ?} 57. Kc3 {Userentscheid: Remis}
1/2-1/2
[/pgn]
[pgn]

[Event "Turnier 40 / 120"]
[Site "Wien"]
[Date "2021.05.06"]
[Round "42"]
[White "Novag Star Diamond H8 - 25 MHZ"]
[Black "Pewatronic Masterchess SH7034 - 24 MHZ"]
[Result "1-0"]
[BlackElo "2150"]
[WhiteElo "2160"]

{Analyse ---> Komodo 13.02.} 1. e4 c6 2. d4 d5 3. exd5 cxd5 4. c4 Nf6 5.
Nc3 g6 6. Qb3 Bg7 7. cxd5 O-O 8. Be2 Nbd7 9. Bf3 Nb6 {Buchende} 10. Bg5 Bf5
{Buchbewertung Pewatronic: +0,1} 11. Rd1 {Buchende} Re8 12. Nge2
{Buchbewertung Novag Star Diamond: +0,57 / lt. Komodo steht Weiss knapp
besser mit ca. +0,20 / auch diese Eröffnung gab es im Match gegen Novag
Diamond II, damals verlor Pewatronic Masterchess} Qd7 13. h3 Qc7 {ein
schlechter Zug, besser ist h5, um den Vorstoss g4 zu verhindern, Komodo
-1,20} 14. g4 Bd7 15. Bf4 Qc4 16. Qxc4 Nxc4 17. b3 Nd6 18. g5 Nh5 19. Bxh5
gxh5 20. Bxd6 exd6 21. f3 Kf8?? {ein Verlustzug, danach ist die Partie
bereits klar verloren, Komodo -1,80, deutlich besser ist Lf5 mit ca. -0,80}
22. Ne4 Ke7 23. N2g3 h4 24. Nh5 Bh8 25. Nhf6 Red8 26. Nxh7 Rac8
{erstaunlicherweise sorgt Pewatronic Masterchess für die Abweichung zur
Partie gegen Novag Diamond II, gegen diesen zog er damals Lf5, wohl
aufgrund der unterschiedlichen Bedenkzeiten kam dies zu stande, egal die
Stellung ist klar verloren für Schwarz, Komodo -2,00} 27. Rh2 Bf5 28. Nef6?
{klar schwächer als Shf6, dennoch bleibt Weiss deutlich im Vorteil Komodo
+1,40} Bxf6 29. Nxf6 Kf8 30. Ne4? {ein ganz schlechter Zug, der den Vorteil
von Weiss halbiert, Komodo nur noch +0,70, deutlich besser ist Te2 mit ca.
+1,40} Bxe4 31. fxe4 Re8 32. Re2 Rc3 33. Kd2 Rxh3 34. Rg1 {klar schwächer
als Tf1, nach dem Textzug ist Weiss nur noch knapp im Vorteil mit ca.
+0,40} a6? {ein schlechter Zug, der Weiss wieder klar in Vorteil bringt,
Komodo -1,00, nötig war Tc8} 35. g6 {auch nicht ideal, besser ist Tg4,
Komodo +0,70} Rg3??? {ein Verlustzug, danach ist die Partie klar verloren,
Komodo -2,20, nötig war f6} 36. Rxg3 hxg3 37. Kd3? {klar schwächer als
gxf7, aber Weiss bleibt klar im Vorteil, Komodo +1,60} fxg6 38. Rg2 Kg7 39.
Rxg3 Re7 40. a3 Kf7 41. Re3 Kf6 42. Re1 g5 43. Rf1+ Kg6 44. Rf8 Rd7? {ein
schlechter Zug danach ist die Partie bereits klar verloren, deutlich besser
ist Kg7, Komodo -2,50} 45. Rg8+ Kh5?? {grottenschlecht, danach ist alles
aus, Komodo -6,00 mit der Fortsetzung e5, nötig war Kf6} 46. Rh8+??
{ebenfalls grottenschlecht, büsst ganze 4 Bauerneinheiten !!! ein, Komodo
+2,00} Kg4? {verliert forciert, der König muss nach g6, Komodo -4,50} 47.
Ke3 Rf7 48. e5! dxe5 49. dxe5 {Rest geschenkt} 1-0
[/pgn]
[pgn]

[Event "Turnier 40 / 120"]
[Site "Wien"]
[Date "2023.02.20"]
[Round "43"]
[White "Pewatronic Masterchess SH7034 - 24 MHZ"]
[Black "Novag Star Diamond H8 - 25 MHZ"]
[Result "0-1"]
[BlackElo "2160"]
[WhiteElo "2150"]

{Analyse ----> Komodo 13.02.} 1. e4 e5 2. Nf3 Nc6 3. d4 exd4 4. Nxd4 Bc5 5.
Be3 Qf6 6. c3 Nge7 7. Bc4 {Buchende} O-O 8. O-O {Buchbewertung Pewatronic
Masterchess: 0,0} Bb6 {Buchende} 9. Re1 d6 {Buchbewertung Novag Star
Diamond: +0,15 / lt. Komodo ist die Stellung etwa gleich} 10. f3 Rd8 11.
Na3 d5 12. exd5 Ne5 13. Qd2 h6 14. Bf4 N5g6 15. Bg3 Nxd5 16. Rad1 Nxc3?
{ein schlechter Zug, nach Sdf4 wäre Schwarz besser gestanden mit ca. +0,80,
nach dem Textzug ist die Stellung im Lot, Komodo 0,00} 17. bxc3 c5 18. Bf2
{lt. Komodo hätte hier Sdb5 !!! zum Remis geführt, er hätte glatt die Dame
stehen gelassen, also darauf zu kommen ist schon ein Hammer, wahrscheinlich
würde das nicht mal der Weltmeister sehen, obwohl der Textzug ist
gleichwertig, Komodo 0,00} Bf5 19. Bb3 cxd4 20. cxd4 Bc7 21. Nb5 Bf4 22.
Be3 Bxe3+ 23. Rxe3 Nf4 24. g3 Nh3+ 25. Kh1 Ng5? {deutlich vorzuziehen ist
Ld7, Komodo -0,90} 26. Nc3 {Pewatronic Masterchess verwirft im letzten
Moment noch den deutlich stärkeren Zug 26. Sc7, wegen einer
Bewertungsdifferenz von -0,1, nach dem Textzug ist nahezu der gesamte
Vorteil dahin, Komodo +0,20} Re8 27. Nd5 Qd6 28. Qa5 Rxe3 29. Nxe3 Bh7 30.
Nc4 Qf6 31. Ne5 Ne6? {ein ganz schlechter Zug, danach ist Weiss bereits
klar im Vorteil, Komodo -1,50 mit der Fortsetzung Dd5, nötig war Te8 mit
nur ca. -0,50 für Weiss} 32. Qd5! Nd8 33. Qd7 {besser ist Kg2, Komodo
+1,00} Kf8??? {ein Verlustzug !!!, der ganze 3 Bauerneinheiten !! einbüsst,
danach ist die Partie klar verloren, Komodo -4,00 mit der Fortsetzung Te1,
nötig war Lf5} 34. Bd5?? {ein Katastrophenzug !!, der nahezu den gesamten
Vorteil verschenkt, Komodo nur noch +0,40 für Weiss, Pewatronic verwirft
leider wieder im letzten Moment den Gewinnzug Te1} Bf5 35. Bxb7 Nxb7? {ein
schlechter Zug, nach Tb8 wäre die Stellung bereits im Lot gewesen, nach dem
Textzug ist Weiss wieder im Vorteil mit ca. +1,00} 36. Qxb7 Rc8 37. Qxa7
Kg8 38. a4? {ein schlechter Zug, danach ist die Partie bereits Remis,
Komodo 0,00 mit der Fortsetzung Lh3, nötig war Db7 mit ca. +0,80} Qe6? {so
aber nicht, danach ist Weiss gleich wieder klar im Vorteil, Komodo +1,30
mit der Fortsetzung g4} 39. g4 Qb3 {deutlich besser ist Lc2, Komodo -1,90}
40. Rf1?? {ein Katastrophenzug, der alles verschenkt, danach ist die Partie
bereits Remis, Komodo 0,00, nötig war Dxf7+} Be6 41. a5??? {so und danach
ist die Partie verloren, Komodo -2,70 mit der Fortsetzung Db2, das Remis
gesichert hätte Da6} Qe3?? {diese Stellung mit jeweils 3 Figuren auf dem
offenen Brett mit praktisch unzähligen Möglichkeiten überfordert sichtlich
beide Geräte, der Textzug verschenkt wieder nahezu den gesamten Vorteil,
Komodo +0,30 für Schwarz} 42. Qb6??? {ein absoluter Verlustzug, danach ist
einfach alles aus, Komodo -10,00 mit der Fortsetzung De2} Qe2! {na klar}
43. Rg1 Bd5 44. Qb1 Rc2 45. Qxc2 Qxc2 {Rest geschenkt / eine wahre
Katastrophenpartie auf unterirdischem Niveau !!} 0-1
[/pgn]
[pgn]

[Event "Turnier 40 / 120"]
[Site "Wien"]
[Date "2023.02.20"]
[Round "44"]
[White "Novag Star Diamond H8 - 25 MHZ"]
[Black "Pewatronic Masterchess SH7034 - 24 MHZ"]
[Result "1/2-1/2"]
[BlackElo "2150"]
[WhiteElo "2160"]

{Analyse ----> Komodo 13.02.} 1. c4 e5 2. Nc3 Nf6 3. Nf3 Nc6 4. g3 Nd4 5.
Bg2 Nxf3+ 6. Bxf3 Bb4 {Buchende} 7. Qb3 {Buchende} Bxc3 {Buchbewertung
Pewatronic Masterchess: -0,1} 8. Qxc3 {Buchbewertung Novag Star Diamond:
-0,03 / lt. Komodo steht Weiss etwas besser mit ca. +0,60} d6 9. d4 exd4
{nicht ideal, besser ist e4, Komodo -0,80} 10. Qxd4 O-O 11. Bg5 Re8 12.
O-O-O Re6 13. Bg4 Re8 14. Bxf6 Qxf6 15. Qxf6 gxf6 16. Bf3 Rb8 17. Rd4 b5
18. cxb5 Rxb5 19. b4 {besser ist Tc4, die Stellung ist im Lot} Bb7 20. Bxb7
Rxb7 21. Kd2 c5 22. Rg4+ Kf8 23. a3 a5 24. Rb1 Reb8 25. Kc3 d5 26. Rh4 Kg7
27. Rf4 d4+ 28. Kc4 cxb4 29. axb4 Rxb4+ 30. Rxb4 Rxb4+ 31. Kd3 Rb1 32. Rg4+
{die Stellung ist immer noch im Lot, Komodo 0,00} Kh6 33. Rxd4 Ra1 34. Rh4+
Kg6 35. Rg4+ Kh6 36. Rf4 Kg6 37. Kc3 Ra2 38. Re4 f5 39. Re8 a4 40. h3 h6
41. Kb4 f4 42. gxf4 Kf5 43. e3 Rxf2 44. Kxa4 f6 45. Kb3 Rh2 46. Kc4 h5 47.
Kd4 Rxh3 48. Rf8 Rh1 49. e4+ Kxf4 50. Rxf6+ Kg5 51. Rf5+ Kg4 52. Rf8 h4 53.
Rg8+ Kf4 54. Rf8+ Kg5 55. Rh8 h3 56. Ke3 Rb1 57. Rg8+ {Userentscheid:
Remis} 1/2-1/2
[/pgn]
[pgn]

[Event "Turnier 40 / 120"]
[Site "Wien"]
[Date "2023.02.21"]
[Round "45"]
[White "Pewatronic Masterchess SH7034 - 24 MHZ"]
[Black "Novag Star Diamond H8 - 25 MHZ"]
[Result "0-1"]
[BlackElo "2160"]
[WhiteElo "2150"]

{Analyse ---> Komodo 13.02.} 1. e4 c6 2. d4 d5 3. Nc3 dxe4 4. Nxe4 Bf5 5.
Ng3 Bg6 6. h4 h6 7. Nf3 Nd7 8. h5 Bh7 9. Bd3 Bxd3 10. Qxd3 Qc7 11. Bd2
{Buchende} e6 {Buchende} 12. Nh4 {Buchbewertung Pewatronic Masterchess:
-0,5} Ngf6 13. Ng6??? {ein unglaublicher Programmfehler von Pewatronic
Masterchess, der auch schon in seinem Wettkampf gegen Lyon 68020
aufgetreten ist, er erwartet nach seinem Zug NICHT, dass der Springer
genommen wird, sondern Thg8 ??, nachdem dieser Zug mit dem Feld H8 zu tun
hat ist davon auszugehen, dass es sich um einen bösaritgen Auswuchs des
H8-Bugs handelt, und selbst nachdem der Springer dann vom Gegner geschlagen
wird, bewertet er die Stellung immer noch nur mit -0,1 und tut so als wäre
der Springer noch im Spiel, dazu kann man nichts Sinnvolles mehr sagen,
hier beende ich sofort die Partie./ Userentscheid: 0-1} 0-1
[/pgn]
[pgn]

[Event "Turnier 40 /120"]
[Site "Wien"]
[Date "2021.05.15"]
[Round "46"]
[White "Novag Star Diamond H8 - 25 MHZ"]
[Black "Pewatronic Masterchess SH7034 - 24 MHZ"]
[Result "0-1"]
[BlackElo "2150"]
[WhiteElo "2160"]

{Analyse ----> Komodo 13.02.} 1. f4 d5 2. Nf3 c5 3. e3 {Buchende} Nf6
{Buchende / diese Eröffnung gab es auch im Match gegen Novag Diamond II,
damals konnte Pewatronic Masterchess gewinnen} 4. Ne5 {Buchbewertung Novag
Star Diamond: +0,73} e6 {Buchbewertung Pewatronic Masterchess: +0,1 / lt.
Komodo ist die Stellung etwa gleich} 5. Bb5+ Nbd7 6. O-O Bd6 7. d4 O-O 8.
Nc3 {weniger gut, besser ist Ld3, Komodo -0,80} a6 9. Be2 b5 10. a3 Bb7 11.
Bd3 Rc8 12. Qe1 Qb6 13. Qh4 Rfd8 14. Nf3 {hier weicht die Partie nun ab von
jener gegen Novag Diamond II, der zog damals 14. Te1} Ne4 15. a4 {besser
ist Se2, Komodo -1,10} b4 16. a5 Qc7 17. Ne2 c4 18. Bxe4 dxe4 19. Ne5 Rb8
20. c3 b3 21. Qh5? {klar vorzuziehen ist Ld2, Komodo -1,50} Nf6 22. Qh3 Bd5
23. Bd2 Rb5 24. Be1 Ne8 25. Bh4 f6 26. Ng4 Rxa5? {ein schwacher Zug,
deutlich besser ist Ta8, Komodo +0,70} 27. Rxa5 Qxa5 28. Qg3?? {ein ganz
schlechter Zug, eindeutig die falsche Figur, der Springer gehört nach g3,
nach dem Textzug ist die Partie praktisch schon verloren, Komodo -2,30} Kh8
29. Qe1? {deutlich schwächer als Df2, verschlimmert die Lage nochmals,
Komodo -3,20 mit der Fortsetzung Da2} Bb7? {auch nicht gerade das Gelbe vom
Ei, Komodo +2,00} 30. h3? {ein schwacher Zug, deutlich besser ist Sg3,
Komodo -2,70} Bc7?? {ein grottenschlechter Zug, der einen Grossteil des
Vorteiles verspielt, Komodo nur noch +0,90 mit der Fortsetzung Se5, nötig
war Le7} 31. Qd2?? {diese komplizierte Stellung überfordert beide Geräte
aus verständlichen Gründen bei weitem, der Textzug verliert die Partie
wieder klar, Komodo -2,50 mit der Fortsetzung Dh5, hier beende ich
vorläufig die weitere Kommentierung man muss sonst praktisch jeden
einzelnen Zug kommentieren.} Qh5! 32. Bf2 Qg6 33. Bh4 Nd6 34. Ra1 Nf5 35.
Be1 e5?? {das erfordert wieder einen Kommentar, mehr als halbiert den
Vorteil von Schwarz, Komodo +1,30, nach Ta8 wäre Schwarz bereits
entscheidend mit +3,00 im Vorteil gewesen} 36. fxe5 fxe5? {halbiert
neuerlich den Vorteil von Schwarz, Komodo nur noch +0,80, nötig war h5} 37.
Qc1 Qe6 38. dxe5? {ein ganz schlechter Zug, der Schwarz wieder klar in
Vorteil bringt, Komodo -1,60, nötig war Sxe5 mit nur ca. -0,60} h5 39. Nf4
Qf7 40. Nf2??? {ein absoluter Verlustzug der ganze 6 Bauerneinheiten !!
einbüsst, danach ist alles vorbei, Komodo -8,00 !!, nötig war Sh2 mit ca.
-2,00} Bxe5 41. Bd2 Bxf4 42. exf4 e3 43. Ne4 {Novag Star Diamond: -8,92
----> aufgegeben} 0-1
[/pgn]
[pgn]